00369 a2200121 4500001001000000005001700010008004100027245003700068100003600105700002200141773006700163999001700230ART_1560620260410161735.0260409a 10aLa sociedad se mira en el espejo1 aDagnino Pastore, José María1 aFloria, Carlos A.0 tEjecutivos de finanzasg- Año 9, Nº 79 (nov. 1991)wREV2863 c18256d18256